00793nam a22002057a 450000500170000000800410001704000230005805000170008111101110009824501150020926000110032430000250033550000340036065000200039465000090041470000160042394200150043999900150045495201180046920241126141936.0241126b |||||||| |||| 00| 0 eng d aKMUcKMUdKMUerda aSF 383.5.A87 aGoat Meat production in Asia:cProceedings of the workshop held in Tando Jam, Parkistan.d13-18 March 1998 aGoat Meat production in Asia:bProceedings of the workshop held in Tando Jam, Parkistan.cedited by C.Devendra aCanda: a262 p.:bill.;c27cm aInclude List of participants  aGoat production aAsia aDevendra,C. 2lcccBKn0 c1445d1445 00102lcc40708NFICaCPLbCPLcOAd2024-11-26l0oSF 383.5.A86 Intp712833r2024-11-26 00:00:00w2024-11-26yBK